000
00312nam a2200121 a 4500
005
20140414131851.0
008
100802s19uu xx 00 eng d
050
_a
M 636.2
_b
M59 2000
100
_a
Miles, Annie
245
_a
From cow to milk carton.
260
_a
Australia :
_b
Macmillan,
_c
2000.
999
_c
110195
_d
110195